000 00455nam a2200157Ia 4500
020 _a0876925433
082 _a005.262F
_bRAJ
_cMCE L-02 , P-133
100 _aRajaraman,G.
_936799
245 _aComputer programming in FORTRAN 77
260 _aNew Delhi:
_bPrentice Hall,
_c1989
300 _a182p.
_c26 cm.
526 _a0
_b0
_c0
_d005_000000000000000_262F_RAJ
526 _a0
_b0
_c0
_d005_000000000000000_262F_RAJ
650 _aMCE
_9379
942 _2ddc
_cBK
999 _c541764
_d541764